Villes des Vosges - Statistiques

Statistiques générales
  • Ce quiz a été pris 639 fois
  • Le résultat moyen est 15 sur 40
Statistiques - réponses
Hint Réponse % Correct
1 33000 Epinal
99%
3 8700 Gerardmer
81%
5 8000 Remiremont
74%
2 21700 St Dié des Vosges
74%
7 7000 Neufchateau
67%
11 5500 Vittel
66%
4 8200 Golbey
63%
6 8000 Thaon
59%
12 4700 La Bresse
57%
13 4600 Charmes
55%
21 3500 Contrexeville
54%
9 5900 Mirecourt
53%
10 5700 Rambervillers
48%
8 6700 Raon
48%
22 3300 Bruyères
44%
25 3300 Eloyes
36%
29 2800 Xertigny
34%
15 4000 Vagney
32%
18 3800 Le Thillot
31%
16 4000 Saint Nabord
30%
26 3100 Fraize
29%
14 4100 Le Val d'Ajol
28%
24 3300 Anould
27%
19 3700 Cornimont
27%
17 3900 Saint Etienne les Remiremont
27%
31 2500 Sainte Marguerite
26%
27 3100 Chantraine
24%
38 2200 Nomexy
23%
20 3600 Rupt sur Moselle
22%
23 3300 Moyenmoutier
18%
39 2100 Saint Amé
18%
37 2300 Hadol
17%
34 2400 Saulcy
17%
28 2800 Senones
17%
40 2000 Uxegney
17%
35 2300 Vincey
17%
32 2400 Etival Clairefontaine
15%
33 2400 Liffol
14%
30 2800 Saulxures sur Moselotte
14%
36 2300 Granges sur Vologne
8%
Aucun quiz correspondant
Distribution des résultats
% des personnes avec chaque résultat
Percentile par nombre de réponses
Votre historique - résultats
Vous n’avez pas pris ce quiz